000 00785 a2200241 4500
005 20251219121238.0
008 251219b |||||||| |||| 00| 0 eng d
020 _a9781839763519 (pbk)
037 _cTB
040 _aCRL
_cCRL
041 _2eng
_aeng
084 _aR3xN26:g R2
_qCRL
100 _aSato, Youhiyuki
_9822148
245 _aPower and resistance:
_b Foucault, Deleuze, Derrida, Althusser
260 _aLondon, UK:
_bVerso,
_c2022.
300 _axii;266p.
365 _b19.99
_cUKP
650 _aPhilosophy
_9858016
650 _aFoucault, Michel
_9858017
650 _aPhilosophers
_9858018
942 _cTB
_2CC
_n0
_hR3xN26:g R2
999 _c1435925
_d1435925